000 00879nas a2200277 4500
001 BR0906375
003 BR-BrBNA
005 20231205113514.0
007 ta
008 230509b bl.|||p| |||| 00| 00por d
040 _aBR-BrBNA
_bpor
_cBiblioteca Nacional de Agricultura
041 _a(Pt)
072 _aF02
100 1 _aSilva, L.J.B. da
100 1 _aCavalcante, A.S. da S.
100 1 _aAraújo Neto, S.E. de
245 1 _aProdução de mudas de rúcula em bandejas com substratos a base de resíduos orgânicos
650 _aRUCULA
650 _aMUDA
650 _aSUBSTRATO DE CULTURA
650 _aRESÍDUO ORGANICO
773 0 _tCiência e Agrotecnologia (Brazil)
_xISSN 1413-7054
_g(Sep-Oct 2009), v. 33(5) p. 1301-1306
_wBR0906375
856 4 0 _uhttp://www.aprh.pt/rgci-155_Borges.pdf
909 _a202311
_bLúcia
_c55
_dLúcia Elande
942 _2AGRIS
_n0
_cANA
999 _c204148
_d204148